Impacto de la crisis internacional sobre nuevos sectores dinámicos de la economía regional (Registro nro. 34663)

Detalles MARC
000 -LEADER
fixed length control field 00436 a2200121 4500
001 - CONTROL NUMBER
control field ART_45093
005 - DATE AND TIME OF LATEST TRANSACTION
control field 20260410162038.0
008 - FIXED-LENGTH DATA ELEMENTS--GENERAL INFORMATION
fixed length control field 260409a
100 1# - MAIN ENTRY--PERSONAL NAME
Personal name Schinelli, Daniel
245 10 - TITLE STATEMENT
Title Impacto de la crisis internacional sobre nuevos sectores dinámicos de la economía regional
700 1# - ADDED ENTRY--PERSONAL NAME
Personal name Vacca, Carlos
773 0# - HOST ITEM ENTRY
Title Revista de estudios regionales y mercado de trabajo
Related parts - Nº 5 (ene./dic. 2009)
Record control number REV44894

No hay ítems disponibles.